La structure musicale du no : theatre traditionnel japonais /

Bibliographic Details
Main Author: Tamba, Akira
Format: Book
Language:French
Published: Paris : Klincksieck, 1974.
Series:Collection d'esthétique ; 19.
Subjects:

MARC

Tag First Indicator Second Indicator Subfields
LEADER 00000cam a2200000 i 4500
001 in00000039675
005 20151007064521.0
008 750204s1974 fr agm b 00110 fre
010 |a  75500074  
015 |a F*** 
020 |a 2252015519 
035 |a (OCoLC)01274169 
035 |9 AAE0012AM 
040 |a DLC  |c DLC  |d TXA  |d UtOrBLW 
043 |a a-ja--- 
049 |a TXAM  |c [1497605] 
050 0 0 |a ML1751.J3  |b T3 Phon Case 
082 0 |a 782.9 
090 |a ML1751.J3  |b T3 
100 1 |a Tamba, Akira. 
245 1 3 |a La structure musicale du no :  |b theatre traditionnel japonais /  |c Akira Tamba. 
264 1 |a Paris :  |b Klincksieck,  |c 1974. 
300 |a 245 pages :  |b illustrations, music ;  |c 24 cm.  |a & 2 phonodiscs (4 s. : 7 in. ; 33 1/3 rpm.). 
336 |a text  |b txt  |2 rdacontent 
337 |a unmediated  |b n  |2 rdamedia 
338 |a volume  |b nc  |2 rdacarrier 
490 1 |a Collection d'esthetique ;  |v 19 
500 |a Includes index. 
504 |a Bibliography: pages 233-237; discography: page [238]. 
650 0 |a Music  |z Japan  |x History and criticism. 
650 0 |a Nō. 
830 0 |a Collection d'esthétique ;  |v 19. 
999 |a MARS 
999 f f |s fb9fe985-81ee-37a3-825b-6585ba4324ea  |i a8500c6a-1c8d-3518-b335-87baf47af680  |t 0 
952 f f |p ric  |a Texas A&M University  |b Rellis Campus  |c Joint Library Facility  |d Remote Storage  |t 0  |e ML1751.J3 T3  |h Library of Congress classification  |i unmediated -- volume  |m A14803363941 
998 f f |a ML1751.J3 T3  |t 0  |l Remote Storage